000
00214nam a2200097 4500
999
_c
529893
_d
529893
040
_c
DLC
082
_a
070.442
_b
TAR
100
_a
Tarar, Mustansar Hussain
_9
3135
245
_a
Shatar Murgh Riyasat
942
_2
ddc
_c
BK